000 00778cab a2200265 4500
001 WB3324-33
008 090401t1997 xxu||||| |||| 00| 0 eng d
035 _a(Sirsi) u79086
041 _aeng
245 _aBlock for road schemes?
260 _c1997
350 _a0
490 _aFinancial Times
_v20 June 1997, 10(1)
520 _aGovernment has launched a review of Britain`s roadbuilding programme, which may result in new rail connections being built instead of roads.
650 _aEnvironment
_96238
650 _aGOVERNMENT
650 _aPUBLIC TRANSPORT
650 _aROAD BUILDING
650 _aROAD SCHEMES
650 _aROADS PROGRAMME
650 _aTRANSPORT POLICY
690 _aTRANSPORT AND COMMUNICATIONS
942 _n0
948 _c20/06/1997
999 _c49701
_d49701